Seleção Manchester City Champions League 2024/2025 - Statistics

Estatísticas Gerais
  • Esse quiz foi jogado 110 vezes
  • A pontuação média é 19 de 23
Estatísticas das Respostas
Imagem Resposta % Correto
Ederson
100%
Kevin De Bruyne
99%
Bernardo Silva
98%
Erling Haaland
98%
Phil Foden
98%
Nathan Aké
97%
Savinho
97%
Rodri
96%
İlkay Gündoğan
95%
Jack Grealish
95%
Joško Gvardiol
94%
Rúben Dias
92%
John Stones
91%
Jérémy Doku
90%
Mateo Kovačić
88%
Manuel Akanji
84%
Stefan Ortega
78%
Matheus Nunes
72%
Omar Marmoush
69%
Scott Carson
54%
Abdukodir Khusanov
53%
Nico González
49%
James McAtee
36%
Nenhum quiz correspondente encontrado
Distribuição das Pontuações
Porcentagem de Pessoas com Cada Pontuação
Percentil de Números Respondidos
Sua Pontuação Histórica
Você não jogou esse quiz